| 000 | 00931nam a2200277Ia 4500 | ||
|---|---|---|---|
| 003 | OSt | ||
| 005 | 20220928113313.0 | ||
| 006 | a|||||r|||| 00| 0 | ||
| 007 | ta | ||
| 008 | 220927b |||||||| |||| 00| 0 eng d | ||
| 020 | _cUKP 110.00 | ||
| 024 | _a136794 | ||
| 037 |
_b154, 22/11/2017, Classic Book Service _cTextual |
||
| 040 |
_aSDCL _cSDCL _beng |
||
| 041 |
_2eng _aeng |
||
| 082 | _aY:1:(R).1'Q, Q7 | ||
| 100 |
_aCordeiro-Rodrigues Luis Ed. _9432330 |
||
| 245 | 0 |
_aPhilosophes of multiculturalism _b Beyond Liberalism |
|
| 260 |
_aLondon _bRoutledge _c2017 |
||
| 300 |
_avi,231p. _ccm. |
||
| 490 | _aStudies for the international society for cultural history | ||
| 650 | _aPolitical Science | ||
| 700 |
_a Simendic Marko Ed. _9432331 |
||
| 942 |
_hY:1:(R).1'Q, Q7 _cTEXL _2CC |
||
| 999 |
_c748881 _d748881 |
||